All Pokémon in the Water 2 egg group - Statistics

General Stats
  • This quiz has been taken 9 times
  • The average score is 31 of 34
Answer Stats
Generation Pokémon % Correct
VIII Arrokuda
100%
VIII Barraskewda
100%
VIII Basculegion
100%
V Basculin
100%
VII Bruxish
100%
III Carvanha
100%
IX Dondozo
100%
IX Finizen
100%
IV Finneon
100%
I Goldeen
100%
I Gyarados
100%
IV Lumineon
100%
III Luvdisc
100%
I Magikarp
100%
IX Palafin
100%
I Seaking
100%
III Sharpedo
100%
IX Tatsugiri
100%
IX Veluza
100%
III Wailmer
100%
III Wailord
100%
VII Wishiwashi
100%
V Alomomola
83%
III Barboach
83%
II Chinchou
83%
II Lanturn
83%
II Octillery
83%
VIII Overqwil
83%
II Qwilfish
83%
III Relicanth
83%
II Remoraid
83%
III Whiscash
83%
VI Inkay
50%
VI Malamar
50%
No matching quizzes found
Score Distribution
Percent of People with Each Score
Percentile by Number Answered
Your Score History
You have not taken this quiz